| 000 | 01613cam a22004454i 4500 | ||
|---|---|---|---|
| 003 | PE-LiUPU | ||
| 005 | 20250731173429.0 | ||
| 008 | 150707s2012 bl r 00 d spa 0 | ||
| 020 | _a1588024482 | ||
| 035 | _a(Sirsi) i9781588024480 | ||
| 035 | _a(Sirsi) 50129 | ||
| 035 | _a(Sirsi) 50129 | ||
| 082 | 0 | 4 |
_a270 _bG25 |
| 100 | 1 |
_aGarlow, James L., _eautor. |
|
| 245 | 1 | 0 |
_aDios y su iglesia : _bdesde el comienzo hasta hoy / _cJames L. Garlow. |
| 264 | 1 |
_aBrasil : _bEditorial Patmos, _c2012. |
|
| 300 |
_a448 páginas ; _c21 centímetros |
||
| 336 |
_atext _2rdacontent |
||
| 337 |
_aunmediated _2rdamedia |
||
| 338 |
_avolume _2rdacarrier |
||
| 505 | 0 | _aLos mártires -- Los Apologistas -- Herejías, divisiones, y desarrollos -- Principios de la Edad media -- A finales de la Edad media -- Los místicos -- Los Pre-reformadores -- Martín Lutero y la reforma -- Expansión de la reforma - expansión. | |
| 526 | _aSEG42 | ||
| 526 | _aSEG41 | ||
| 526 | _aSEG40 | ||
| 526 | _aSEG39 | ||
| 526 | _aP94 | ||
| 526 | _aP87 | ||
| 526 | _aP86 | ||
| 526 | _aP85 | ||
| 526 | _aP77 | ||
| 526 | _aP76 | ||
| 526 | _aP35 | ||
| 650 | 1 | 4 |
_aIglesia _xHistoria |
| 910 | _agl20130424 | ||
| 942 |
_2ddc _cBOOK |
||
| 949 |
_a270 G25 _i67048 _lCCODEBUL1 _mBUL _tLIBRO _o.STAFF. Colección General |
||
| 596 | _a1 | ||
| 999 |
_a270 G25 _wDEWEY _c54755 _i67048 _d54755 _e2019-5-15 _f2021-11-10 _g6 _lCCODEBUL1 _mBUL _n11 _p28.00 _q18 _r0 _sY _tBOOK _u2015-7-6 _xTEOLOGIA _PP35 _0COMPRA _o.STAFF. Colección Teología |
||
| 980 |
_81 _gALBERTO SANCHEZ Responsable de Automatización |
||